000 00602nab a2200181 4500
001 244442
003 OSt
005 20230731114215.0
007 tu
008 200917s2020|||||||
040 _aDE-2950
_cDE-2950
245 0 0 _aKonzertreise nach Rumänien.
_bMusik. Zum Abschluss tritt die Frankfurter Kinder- und Jugendkantorei am 23. Juli in der St. Gertraud-Kirche in der Oderstadt auf/
_cred
264 _c2023
653 _aFrankfurt (Oder)
653 _aKinder- und Jugendkantorei
773 0 _g34. Jahrgang (2023) Nr. 165 vom 18.07.2023, S. 15, mit Foto
_tMärkische Oderzeitung
942 _2z
_cA
999 _c372646
_d372646